01318nam a22003254a 4500001001200000003000800012006001900020007001500039008004100054010001700095016002200112020003600134040002100170035002100191050002300212072001300235082001600248111005200264245016000316260005300476300002300529504004100552533015200593650003100745655002900776700002500805710001700830856012600847999001900973ebr10194858CaPaEBRm u cr cn|||||||||040910s2004 gw a sb 100 0 eng  z 20040212797 z9722846722GyFmDB z3110174472 (cloth : alk. paper) aCaPaEBRcCaPaEBR a(OCoLC)23216004214aQA174b.F56 2003eb 7aQA2lcco04a512/.232222 aFinite Groups 2003d(2003 :cGainesville, Fla.)10aFinite Groups 2003h[electronic resource] :bproceedings of the Gainesville conference on finite groups, March 6-12, 2003 /ceditors, C.Y. Ho ... [et al.]. aBerlin ;aNew York :bWalter de Gruyter,cc2004. axv, 417 p. :bill. aIncludes bibliographical references. aElectronic reproduction.bPalo Alto, Calif. :cebrary,d2013.nAvailable via World Wide Web.nAccess may be limited to ebrary affiliated libraries. 0aFinite groupsvCongresses. 7aElectronic books.2local1 aHo, Chat-Yin,d1946-2 aebrary, Inc.40uhttp://site.ebrary.com/lib/rucke/Doc?id=10194858zAn electronic book accessible through the World Wide Web; click to view c220750d220750